=LDR 00000nam 2200000 4500 =001 INLIS000000000038777 =005 20130612144434 =008 ***********************************Ind** =035 ##$$0010-061300000038777 =041 ##$$a Ind =082 ##$$a 641.5 =090 ##$$a 641.5, Sit t =100 ##$$a Sitompul, Octaviyanti =245 ##$$a 30 resep masakan setan merah plus, Oleh Octaviyanti Sitompul; Penyunting, Yunisa =260 ##$$a 2011 $b Yogyakarta =300 ##$$a 71 hlm, Ilus, 24 cm =650 ##$$a Masakan, Resep =700 ##$$a Yunisa =850 ##$$a NBPNMAT =990 ##$$a 21400613/BPAP-NTB/20142014 =990 ##$$a 0001/BPAP-NTB/20142015 =990 ##$$a 0332/BPAP-NTB/2015